Explaining the Efficiency of Anaesthesiology and Intensive Care Wards in the Slovak Republic
Vplyv kontextových premenných na skóre účinnosti CCR DEA. Zistenia sa dajú využiť v slovenskom zdravotníctve pri budovaní informačného systému efektívnosti spoluprácou s Národným centrom zdravotníckych informácií.
Salvato in:
| Autore principale: | |
|---|---|
| Altri autori: | , |
| Natura: | Capitolo di libro |
| Lingua: | inglese |
| Soggetti: | |
| Tags: |
Nessun Tag, puoi essere il primo ad aggiungerne!!
|
MARC
| LEADER | 00000naa a2200000 4500 | ||
|---|---|---|---|
| 001 | 0242219 | ||
| 005 | 20240502083649.9 | ||
| 041 | 0 | |a eng | |
| 044 | |a UA | ||
| 245 | 1 | 0 | |a Explaining the Efficiency of Anaesthesiology and Intensive Care Wards in the Slovak Republic |c Roman Lacko, Zuzana Hajduová, František Hurný |
| 520 | |a Vplyv kontextových premenných na skóre účinnosti CCR DEA. Zistenia sa dajú využiť v slovenskom zdravotníctve pri budovaní informačného systému efektívnosti spoluprácou s Národným centrom zdravotníckych informácií. | ||
| 610 | 2 | 0 | |a zdravotníctvo |
| 610 | 2 | 0 | |a starostlivosť zdravotná |
| 610 | 2 | 0 | |a analýza dát |
| 610 | 2 | 0 | |a Slovensko |
| 100 | 1 | |a Lacko, Roman, 1988- | |
| 700 | 1 | |a Hajduová, Zuzana, 1974- | |
| 700 | 1 | |a Hurný, František | |